000 01340nam a22003497a 4500
003 OSt
005 20230628084425.0
008 221006b |||||||| |||| 00| 0 eng d
040 _cBiblioteca Lado V
082 _a301
_bV5v
100 _9857
_aVazquez L., Ricardo
_eeditor
245 _aVĂ­nculos/
_bRevista de AntropologĂ­a del Museo Nacional de Costa Rica/
260 _aCosta Rica
_c1999
_bMuseo Nacional de Costa Rica
300 _c18x25cm
_a151p.
366 _espa
490 _a1-2
_v24
_x0304-3703
505 _tPOLITICA EDITORIAL
505 _tEVALUACION
505 _tRESPONSABILIDAD DEL AUTOR
505 _tENTREGA DE MANUSCRITOS
505 _tAGRADECIMIENTOS O NOTAS
505 _tREFERENCIAS BIBLIOGRAFICAS
_aCitas en el texto libro en la literatura citada Libro colegiado Articulo de revista en la literatura citada
505 _tILUSTRACIONES
505 _tCUADROS
650 _2Tesauro de Arte & Arquitectura
_aANTROPOLOGIA
_9703
650 _2Tesauro de Arte & Arquitectura
_aINVESTIGACION
_9702
650 _2Tesauro de Arte & Arquitectura
_aAMERICA CENTRAL
_9702
650 _2Tesauro de Arte & Arquitectura
_aPUBLICACIONES PERIODICAS
651 _2 Tesauro de Arte & Arquitectura
_aCOSTA RICA
700 _aNavarreta, Jose Antonio
_eeditor
942 _2ddc
_c1
_h301
_iV5v
_n0
999 _c3941
_d3941